000 00387nam a2200157Ia 4500
008 230917s9999||||xx |||||||||||||| ||und||
020 _c£ 3.95
040 _e5009161
_aMAIN
041 _aEnglish
082 _a301.045 A67M
100 _aAron, Raymond
245 0 _aMain currents in sociological thought 2
260 _aNew York
_bPenguin Books
_c1967
300 _a283 p.
942 _cBK
999 _c9993
_d9993